| 000 | 00721nam a2200277Ia 4500 | ||
|---|---|---|---|
| 008 | 210210b2008 xxu||||| |||| 00| 0 eng d | ||
| 020 | _a8125033866 | ||
| 041 | _aeng | ||
| 082 | _a339.46 MEHE | ||
| 100 | _aMEHROTRA (Santosh) | ||
| 245 | _aEliminating human poverty: macroeconomic and social policies for equitable growth | ||
| 260 |
_aHyderabad _bOrient Longman Private Limited _c2008 |
||
| 300 | _axvi,432 | ||
| 650 | _asocial | ||
| 650 | _apoverty:macroeconomic | ||
| 650 | _apolicies | ||
| 650 | _ahuman | ||
| 650 | _agrowth | ||
| 650 | _afor | ||
| 650 | _aequitable | ||
| 650 | _aEliminating | ||
| 650 | _aand | ||
| 690 | _aMacroeconomics | ||
| 700 | _aDELAMONICA (Enrique) | ||
| 906 | _a065084 | ||
| 999 |
_c142611 _d142611 |
||